| 000 | 00367nam a2200145 a 4500 | ||
|---|---|---|---|
| 001 | 1818 | ||
| 003 | CDMR | ||
| 005 | 20130116135215.0 | ||
| 008 | 130130s1994||||||||||||||||||||||||||||d | ||
| 040 |
_aCDMR _bcat _cCPC LLEIDA |
||
| 100 | 1 |
_aMartínez Lage, Nicolás _91360 |
|
| 245 | 1 | 0 |
_aL'art de la carigrafia _cMARTINEZ LAGE, Nicolás |
| 260 |
_aLleida _c1994 |
||
| 942 | _cMON | ||
| 999 |
_c1818 _d1818 |
||